000 00419cam a2200169ua 4500
020 _c1.00
041 _amal
_h
082 _a894.812308
_bSCH/SH
100 _aSchaefer, Jack .
245 _aShane /
_cJack Schaefer.
_hTextual Documents
260 _aKottayam :
_bSahitya Pravarthaka Co-operative Society ,
_c1962.
300 _a168 ; .
365 _a1.00
504 _a
942 _cBK
999 _c5206
_d5206